Contratos Tomo II

Detalles Bibliográficos
Otros Autores: Tavolari Oliveros, Ral︢
Formato: Desconocido
Lenguaje:inglés
Publicado: Chile : Jurd̕ica de Chile, 2010
Materias:
Acceso en línea:Acceso restringido

MARC

LEADER 00000ny a22000003n 4500
005 20110621123421.0
008 071017c19uu9999us mr pss 0 a0eng d
022 |a 9789563370065  
035 |a 5280 
040 |a BUS  |d vlex 
090 |c 1272  |d 1272 
245 3 0 |a Contratos  |h [Recurso electrn̤ico]  |c Ral︢ Tavolari Oliveros (Director)   |p Tomo II 
256 |a Servicio en ln̕ea 
260 |a Chile :  |b Jurd̕ica de Chile,  |c 2010 
300 |a 2 v. ;  |c cm 
506 1 |a Contenido solo disponible en los productos indicados  |d vLex Global  |d vLex Global (Academic Edition, excluding Law Schools)  |d vLex Global (U.S. Academic Edition, Law Schools)  |d vLex Global (U.S. Academic Edition, excluding Law Schools)  |d vLex Global (Academic Edition, Law Schools) 
650 0 4 |a Contratos 
700 1 |a Tavolari Oliveros, Ral︢ 
740 0 |a vLex Libros (Servicios en ln̕ea) 
856 4 0 |z Acceso restringido  |u http://vlex.com/source/5280 
942 |c BOOK